གཏེར་སྟོན་པདྨ་གླིང་པའི་རྣམ་ཐར། (Record no. 4124)
[ view plain ]
| 000 -LEADER | |
|---|---|
| fixed length control field | 00732nam a2200205 4500 |
| 001 - CONTROL NUMBER | |
| control field | 4949 |
| 005 - DATE AND TIME OF LATEST TRANSACTION | |
| control field | 20190813110434.0 |
| 008 - FIXED-LENGTH DATA ELEMENTS--GENERAL INFORMATION | |
| fixed length control field | 190813b ||||| |||| 00| 0 eng d |
| 020 ## - INTERNATIONAL STANDARD BOOK NUMBER | |
| International Standard Book Number | 9789993653226 |
| 245 00 - TITLE STATEMENT | |
| Title | གཏེར་སྟོན་པདྨ་གླིང་པའི་རྣམ་ཐར། |
| Remainder of title | A brilliant and Beautiful rosary of gems / |
| Statement of responsibility, etc. | Edited by Karma Phuntsho. |
| 246 ## - VARYING FORM OF TITLE | |
| Title proper/short title | Terton Pema Lingpa gi namthar. |
| Title proper/short title | [Biography of Terton Pema Lingpa]. |
| 260 ## - PUBLICATION, DISTRIBUTION, ETC. | |
| Place of publication, distribution, etc. | Thimphu : |
| Name of publisher, distributor, etc. | Shejun, |
| Date of publication, distribution, etc. | 2015. |
| 300 00 - PHYSICAL DESCRIPTION | |
| Extent | 431 p. ; 20 cm |
| 500 ## - GENERAL NOTE | |
| General note | In Dzongkha. |
| General note | Introduction & overview of the book English. |
| 650 00 - SUBJECT ADDED ENTRY--TOPICAL TERM | |
| Topical term or geographic name entry element | Drukpa- lamas --Bhutan --Biography. |
| Topical term or geographic name entry element | Pema Lingpa. |
| 942 ## - ADDED ENTRY ELEMENTS (KOHA) | |
| Source of classification or shelving scheme | Dewey Decimal Classification |
| Koha item type | Dzongkha |
| Withdrawn status | Lost status | Source of classification or shelving scheme | Damaged status | Not for loan | Collection code | Home library | Current library | Shelving location | Date acquired | Serial Enumeration / chronology | Inventory number | Total Checkouts | Full call number | Barcode | Date last seen | Date last checked out | Copy number | Price effective from | Koha item type | Total Renewals |
|---|---|---|---|---|---|---|---|---|---|---|---|---|---|---|---|---|---|---|---|---|
| Dewey Decimal Classification | Dzongkha | RTC Library | RTC Library | Dzongkha | 06/04/2021 | 8125 | 8 | 920 PHU | 30007985 | 19/09/2022 | 07/09/2022 | 2 | 27/11/2018 | Dzongkha | ||||||
| Dewey Decimal Classification | Dzongkha | RTC Library | RTC Library | Dzongkha | 01/03/2021 | 8126 | 9 | 920 PHU | 30007862 | 28/10/2021 | 18/08/2021 | 1 | 27/11/2018 | Dzongkha | 4 |